STOLICE AUSTRALII I OCEANII - Statystyki

Ogólne statystyki
  • Ten quiz został rozwiązany 129 razy
  • Średni wynik to 11 z 14
Statystyki odpowiedzi
PAŃSTWO STOLICA % Poprawnych
Australia Canberra
100%
Nowa Zelandia Wellington
94%
Fidżi Suva
89%
Wyspy Salomona Honiara
86%
Papua Nowa Gwinea Port Moresby
83%
Vanuatu Port Vila
83%
Samoa Apia
81%
Kiribati Bairiki/Tarawa
81%
Nauru Yaren
81%
Mikronezja Palikir
75%
Tonga Nuku'alofa
72%
Tuvalu Vaiaku/Funafuti
67%
Wyspy Marshalla Majuro
61%
Palau Ngerulmud
61%
Nie znaleziono quizów pasujących do podanych kryteriów
Rozkład punktacji
Procent ludzi z każdym wynikiem
Percentyl według liczby udzielonych odpowiedzi
Twoja historia wyników
Nie rozwiązałeś tego quizu